Online Catalogue and eLibrary

Ulaka samayangal (Record no. 3948)

MARC details
000 -LEADER
fixed length control field 00368nam a2200145Ia 4500
005 - DATE AND TIME OF LATEST TRANSACTION
control field 20250424054945.0
008 - FIXED-LENGTH DATA ELEMENTS--GENERAL INFORMATION
fixed length control field 240331s9999 xx 000 0 und d
082 ## - DDC Classification
Item Number - Author Mark MAT
Class No. 290
100 ## - MAIN ENTRY--PERSONAL NAME
Personal name Mathavan
245 #0 - TITLE STATEMENT
Title Ulaka samayangal
260 ## - PUBLICATION, DISTRIBUTION, ETC.
Place of publication, distribution, etc. Puthukottai
Name of publisher, distributor, etc. Arunomzhi Pathippagam
Date of publication, distribution, etc. 1999
300 ## - PHYSICAL DESCRIPTION
Extent (e.g. Volumes, Pages etc.) 96 p .,
500 ## - GENERAL NOTE
General note A book of Religions of the World
942 ## - Koha item type (Biblio)
Koha item type Books in Stacks (Lending)
Holdings
Lost status Damaged status Collection code Home library Current library Shelving location Date acquired Full call number Accession Number Item type
    Lending WERC Library WERC Library Social Science Cupboard 03/31/2024 290 MAT 5931 Books in Stacks (Lending)

© WERC Library